| 000 | 01620nam a2200253Ia 4500 | ||
|---|---|---|---|
| 003 | Ost | ||
| 005 | 20260507075051.0 | ||
| 008 | 260507s9999||||xx |||||||||||||| ||und|| | ||
| 020 | _a9960244504 | ||
| 040 | _cfsecg | ||
| 041 | _aara | ||
| 082 | _a600 | ||
| 100 |
_aهورنجرن، تشارلز _eمؤلف |
||
| 245 | 0 |
_aمحاسبة التكاليف : _bمدخل إداري / _c تشارلز هورنجرن |
|
| 250 | _aطبعة 2 | ||
| 260 |
_aالرياض: _bدار المريخ للنشر, _c1996 |
||
| 300 |
_a758 صفحة؛ _bإيضاحات ؛ _c25 سم |
||
| 520 | _aدور المحاسب في التنظيم-مقدمة في مصطلحات وأغراض التكلفة-علاقات التكلفة(الحجم،الربح)-نظام تحديد التكلفة في قطاع المنشآت الخدمية والمنشآت التجارية-نظم تحديد التكلفة في قطاع المنشآة الصناعية-الموازنة الشاملة ومحاسبة المسئولية-الموازنات المرنة والإنحرافات ورقابة الإدارة-أثر طرق تحديد تكلفة(المخزون بديله على الدخل)-تحدبد سلوك التكاليف-الملائمة والتكاليف وعملية اتخاذ القرار-قرارات التسعير،وقرارات ربحية المنتج،وإدارة التكلفة-نظم رقابة الإدارة | ||
| 653 | _aالمحاسبة | ||
| 653 | _aمحاسبة التكاليف | ||
| 700 |
_aداتار، سريكانت _eمؤلف ثانوي |
||
| 700 |
_aفوستر، جورج _eمؤلف ثانوي |
||
| 942 | _cكتاب | ||
| 999 |
_c42640 _d42640 |
||